000 01554nam a2200325 4500
003 CO-CtgCURN
005 20250329165439.0
008 160531s1997 000 0 eng d
040 _aCO-CtgCURN
_bspa
_ccoctgcurn
082 0 _aINQ 1997
_bA174
245 0 0 _aMetodos de desinfección de los quirofanos de la Clinica Maternidad Rafael Calvo de Cartagena /
_cPaola Acevedo Calvo ... [et al.] ; asesor, Didia Quintero.
260 _aCartagena de Indias :
_bCorporación Universitaria Rafael Nuñez,
_c1997.
300 _a40 h.
336 _2rdacontent
337 _2rdamedia
_asin mediacion
_bn
338 _2rdacarrier
_avolumen
_bnc
502 _aTrabajo de grado (Instrumentador Quirurgico). Corporación Universitaria Rafael Nuñez. Facultad de Ciencias de la Salud. Programa de Instrumentación Quirúrgica, 1997.
504 _aIncluye bibliografia.
590 _aInstrumentación Quirúrgica
610 2 0 _aClinica Maternidad Rafael Calvo - (Cartagena, Colombia)
650 0 _aInstrumentación Quirúrgica
_vTesis y disertaciones academicas.
700 1 _aBarros angulo, Miguel A.
700 1 _aBuendia Mejia, Celia.
700 1 _aCaraballo Salgado, Neyla.
700 1 _aCorcho de Lozada, Lidia.
700 1 _aMieles López, Josefina.
856 7 _uhttps://unicurn.sharepoint.com/:b:/s/biblioteca/EcO8z-1ksj9OvVaJyuQVcCoBCJr06rRpbfgQ2hsOdk21eg?e=Ikxsbw
_zClick aqui para ver el recurso en texto completo
942 _hINQ 1997
_iA174
_2ddc
_cTG
999 _c4304
_d4304